| 000 | 01096cam a22003134a 4500 | ||
|---|---|---|---|
| 001 | 12518937 | ||
| 003 | PILC | ||
| 005 | 20150519092648.0 | ||
| 008 | 010829s2002 nyua b 001 0 eng | ||
| 010 | _a 2001046683 | ||
| 020 | _a9812530614 | ||
| 040 |
_aDLC _cDLC _dDLC |
||
| 042 | _apcc | ||
| 050 | 0 | 0 |
_aQH 505 _b.T875 2002 |
| 082 | 0 | 0 | _a571.4 |
| 100 | 1 | _aTuszynski, J. A. | |
| 245 | 1 | 0 |
_aBiomedical applications of introductory physics / _cJack A. Tuszynski, John M. Dixon. |
| 260 |
_aNew York : _bJohn Wiley & Sons, Inc., _c2002. |
||
| 300 |
_aix, 358 pages : _billustrations ; _c26 cm. |
||
| 500 | _aIncludes bibliographical references and index. | ||
| 650 | 0 | _aBiophysics. | |
| 650 | 0 | _aMedical physics. | |
| 650 | 0 | _aPhysics. | |
| 700 | 1 |
_aDixon, J. M. _q(John M.) |
|
| 856 | 4 | 1 |
_3Table of contents _uhttp://www.loc.gov/catdir/toc/wiley021/2001046683.html |
| 906 |
_a7 _bcbc _corignew _d1 _eocip _f20 _gy-gencatlg |
||
| 942 |
_2lcc _cBK _kFOR |
||
| 999 |
_c284018 _d284018 |
||